<?xml version="1.0" encoding="UTF-8"?>
<record
    xmlns:xsi="http://www.w3.org/2001/XMLSchema-instance"
    xsi:schemaLocation="http://www.loc.gov/MARC21/slim http://www.loc.gov/standards/marcxml/schema/MARC21slim.xsd"
    xmlns="http://www.loc.gov/MARC21/slim">

  <leader>01413cam a22003735a 4500</leader>
  <controlfield tag="001">016710325</controlfield>
  <controlfield tag="003">OSt</controlfield>
  <controlfield tag="005">20160830110454.0</controlfield>
  <controlfield tag="008">140507t2014    enka   frbd   001 0 eng d</controlfield>
  <datafield tag="020" ind1=" " ind2=" ">
    <subfield code="a">9781292009209 (paperback)</subfield>
  </datafield>
  <datafield tag="020" ind1=" " ind2=" ">
    <subfield code="a">1292009209 (paperback)</subfield>
  </datafield>
  <datafield tag="040" ind1=" " ind2=" ">
    <subfield code="a">Uk</subfield>
    <subfield code="b">eng</subfield>
    <subfield code="c">Uk</subfield>
    <subfield code="d">EG-ScBUE</subfield>
  </datafield>
  <datafield tag="082" ind1="0" ind2="4">
    <subfield code="a">658.4038011</subfield>
    <subfield code="b">SHA</subfield>
    <subfield code="2">22</subfield>
  </datafield>
  <datafield tag="100" ind1="1" ind2=" ">
    <subfield code="a">Sharda, Ramesh.</subfield>
    <subfield code="9">30125</subfield>
  </datafield>
  <datafield tag="245" ind1="1" ind2="0">
    <subfield code="a">Business intelligence and analytics :</subfield>
    <subfield code="b">systems for decision support /</subfield>
    <subfield code="c">Ramesh Sharda, Dursun Delen, Efraim Turban ; with contribution by J. E. Aronson, Ting-Peng Liang, David King.</subfield>
  </datafield>
  <datafield tag="250" ind1=" " ind2=" ">
    <subfield code="a">10th ed., Global ed.</subfield>
  </datafield>
  <datafield tag="260" ind1=" " ind2=" ">
    <subfield code="a">Harlow :</subfield>
    <subfield code="b">Pearson Education Limited,</subfield>
    <subfield code="c">c.2014.</subfield>
  </datafield>
  <datafield tag="300" ind1=" " ind2=" ">
    <subfield code="a">686 p. :</subfield>
    <subfield code="b">ill. ;</subfield>
    <subfield code="c">26 cm.</subfield>
  </datafield>
  <datafield tag="500" ind1=" " ind2=" ">
    <subfield code="a">Index : p. 678-686.</subfield>
  </datafield>
  <datafield tag="500" ind1=" " ind2=" ">
    <subfield code="a">Glossary : p. 664-677.
</subfield>
  </datafield>
  <datafield tag="504" ind1=" " ind2=" ">
    <subfield code="a">includes bibliographical references.</subfield>
  </datafield>
  <datafield tag="650" ind1=" " ind2="7">
    <subfield code="a">Business intelligence.</subfield>
    <subfield code="2">BUEsh</subfield>
    <subfield code="9">3881</subfield>
  </datafield>
  <datafield tag="650" ind1=" " ind2="7">
    <subfield code="a">Management</subfield>
    <subfield code="9">4282</subfield>
    <subfield code="x">Data processing.</subfield>
    <subfield code="2">BUEsh</subfield>
  </datafield>
  <datafield tag="650" ind1=" " ind2="7">
    <subfield code="a">Decision support systems.</subfield>
    <subfield code="9">4283</subfield>
    <subfield code="2">BUEsh</subfield>
  </datafield>
  <datafield tag="650" ind1=" " ind2="7">
    <subfield code="a">Expert systems (Computer science)</subfield>
    <subfield code="2">BUEsh</subfield>
    <subfield code="9">4240</subfield>
  </datafield>
  <datafield tag="651" ind1=" " ind2=" ">
    <subfield code="2">BUEsh</subfield>
  </datafield>
  <datafield tag="653" ind1=" " ind2=" ">
    <subfield code="b">BUSADM</subfield>
    <subfield code="c">June2015</subfield>
    <subfield code="c">August2015</subfield>
    <subfield code="c">October2015</subfield>
    <subfield code="c">December2015</subfield>
    <subfield code="c">August 2016	</subfield>
    <subfield code="c">January2016</subfield>
  </datafield>
  <datafield tag="700" ind1="1" ind2=" ">
    <subfield code="a">Delen, Dursun.</subfield>
    <subfield code="9">30126</subfield>
  </datafield>
  <datafield tag="700" ind1="1" ind2=" ">
    <subfield code="a">Turban, Efraim.</subfield>
  </datafield>
  <datafield tag="700" ind1="1" ind2=" ">
    <subfield code="a">Aronson, J. E.,</subfield>
    <subfield code="e">contributor.</subfield>
  </datafield>
  <datafield tag="700" ind1="1" ind2=" ">
    <subfield code="a">Liang, Ting-Peng,</subfield>
    <subfield code="e">contributor.</subfield>
  </datafield>
  <datafield tag="700" ind1="1" ind2=" ">
    <subfield code="a">King, David,</subfield>
    <subfield code="e">contributor.</subfield>
  </datafield>
  <datafield tag="942" ind1=" " ind2=" ">
    <subfield code="2">ddc</subfield>
  </datafield>
  <datafield tag="999" ind1=" " ind2=" ">
    <subfield code="c">19941</subfield>
    <subfield code="d">19913</subfield>
  </datafield>
  <datafield tag="952" ind1=" " ind2=" ">
    <subfield code="0">0</subfield>
    <subfield code="1">0</subfield>
    <subfield code="2">ddc</subfield>
    <subfield code="4">0</subfield>
    <subfield code="7">0</subfield>
    <subfield code="8">Alahram</subfield>
    <subfield code="a">MAIN</subfield>
    <subfield code="b">MAIN</subfield>
    <subfield code="c">1ST</subfield>
    <subfield code="d">2015-06-25</subfield>
    <subfield code="e">Purchase</subfield>
    <subfield code="g">295.00</subfield>
    <subfield code="h">330</subfield>
    <subfield code="l">0</subfield>
    <subfield code="o">658.472 SHA</subfield>
    <subfield code="p">000039117</subfield>
    <subfield code="r">2025-07-15 00:00:00</subfield>
    <subfield code="v">368.75</subfield>
    <subfield code="y">BB</subfield>
  </datafield>
  <datafield tag="952" ind1=" " ind2=" ">
    <subfield code="0">0</subfield>
    <subfield code="1">0</subfield>
    <subfield code="2">ddc</subfield>
    <subfield code="4">0</subfield>
    <subfield code="7">0</subfield>
    <subfield code="8">Baccah</subfield>
    <subfield code="a">MAIN</subfield>
    <subfield code="b">MAIN</subfield>
    <subfield code="c">1ST</subfield>
    <subfield code="d">2015-08-03</subfield>
    <subfield code="e">Purchase</subfield>
    <subfield code="g">394.00</subfield>
    <subfield code="h">21768</subfield>
    <subfield code="l">0</subfield>
    <subfield code="o">658.472 SHA</subfield>
    <subfield code="p">000039888</subfield>
    <subfield code="r">2025-07-15 00:00:00</subfield>
    <subfield code="v">493.00</subfield>
    <subfield code="y">BB</subfield>
  </datafield>
  <datafield tag="952" ind1=" " ind2=" ">
    <subfield code="0">0</subfield>
    <subfield code="1">0</subfield>
    <subfield code="2">ddc</subfield>
    <subfield code="4">0</subfield>
    <subfield code="7">0</subfield>
    <subfield code="8">Baccah</subfield>
    <subfield code="a">MAIN</subfield>
    <subfield code="b">MAIN</subfield>
    <subfield code="c">1ST</subfield>
    <subfield code="d">2016-01-17</subfield>
    <subfield code="e">Purchase</subfield>
    <subfield code="g">394.00</subfield>
    <subfield code="h">21768</subfield>
    <subfield code="l">0</subfield>
    <subfield code="o">658.4038011 SHA</subfield>
    <subfield code="p">000038980</subfield>
    <subfield code="r">2025-07-15 00:00:00</subfield>
    <subfield code="v">493.00</subfield>
    <subfield code="y">BB</subfield>
  </datafield>
  <datafield tag="952" ind1=" " ind2=" ">
    <subfield code="0">0</subfield>
    <subfield code="1">0</subfield>
    <subfield code="2">ddc</subfield>
    <subfield code="4">0</subfield>
    <subfield code="7">0</subfield>
    <subfield code="8">Baccah</subfield>
    <subfield code="a">MAIN</subfield>
    <subfield code="b">MAIN</subfield>
    <subfield code="c">1ST</subfield>
    <subfield code="d">2016-08-30</subfield>
    <subfield code="e">Purchase</subfield>
    <subfield code="g">480.00</subfield>
    <subfield code="h">25136</subfield>
    <subfield code="l">0</subfield>
    <subfield code="o">658.4038011 SHA</subfield>
    <subfield code="p">000033422</subfield>
    <subfield code="r">2025-07-15 00:00:00</subfield>
    <subfield code="v">600.00</subfield>
    <subfield code="y">BB</subfield>
  </datafield>
</record>
